书目信息 |
| 题名: |
反理性主义者与理性主义者
|
|
| 作者: | 佩夫斯纳 , 理查兹 , 夏普 编著 ;邓敬 , 邓敬 译 | |
| 分册: | ||
| 出版信息: | 北京 中国建筑工业出版社 2003.12 |
|
| 页数: | 236页 | |
| 开本: | 24cm | |
| 丛书名: | 国外建筑理论译丛 | |
| 单 册: | ||
| 中图分类: | TU-0 | |
| 科图分类: | ||
| 主题词: | 理性主义--li xing zhu yi--建筑学--理论 | |
| 电子资源: | ||
| ISBN: | 978-7-112-06079-5 | |
| 000 | 01433nam 2200349 450 | |
| 001 | 012007663813 | |
| 005 | 20071226171400.50 | |
| 010 | @a978-7-112-06079-5@dCNY58.00 | |
| 100 | @a20071226d2003 km y0chiy0120 ea | |
| 101 | 1 | @achi@ceng |
| 102 | @aCN@b110000 | |
| 105 | @aac a 000yy | |
| 106 | @ar | |
| 200 | 1 | @a反理性主义者与理性主义者@Afan li xing zhu yi zhe yu li xing zhu yi zhe@f(英) 尼古拉斯·佩夫斯纳, J·M·理查兹, 丹尼斯·夏普编著@F(ying)ni gu la si·pei fu si na,J·M·li cha zi,dan ni si·xia pu bian zhu@g邓敬等译@Gdeng jing deng yi |
| 210 | @a北京@c中国建筑工业出版社@d2003.12 | |
| 215 | @a236页@c图, 肖像@d24cm | |
| 225 | 2 | @a国外建筑理论译丛@Aguo wai jian zhu li lun yi cong |
| 306 | @a本书由英国Butterworth-Heinemann 出版社授权翻译出版 | |
| 312 | @a英文并列题名取自封面 | |
| 320 | @a有书目 | |
| 330 | @a本书收集的文章主要取自1959~1968年间《建筑评论》以及大量的当代特约评论文章。 | |
| 410 | 0 | @12001 @a国外建筑理论译丛 |
| 500 | 10 | @aAnti-rationalists and the rationalists@mChinese |
| 606 | 0 | @a理性主义@Ali xing zhu yi@x建筑学@x理论 |
| 690 | @aTU-0@v4 | |
| 701 | 1 | @a佩夫斯纳@Apei fu si na@g(Pevsnes, Nikolaus),@f1902-1983@4编著 |
| 701 | 1 | @a理查兹@Ali cha zi@g(Richards, J. M.),@f1907-1992@4编著 |
| 701 | 1 | @a夏普@Axia pu@g(Sharp, Dennis)@4编著 |
| 702 | 0 | @a邓敬@Adeng jing@4译 |
| 702 | 0 | @a邓敬@Adeng jing@4译 |
| 801 | 0 | @aCN@bQSSK@c20071226 |
| 905 | @b271387-88@dTU-0@eP422@f2 | |
| 反理性主义者与理性主义者/(英) 尼古拉斯·佩夫斯纳, J·M·理查兹, 丹尼斯·夏普编著/邓敬等译.-北京:中国建筑工业出版社,2003.12 |
| 236页:图, 肖像;24cm.-(国外建筑理论译丛) |
| ISBN 978-7-112-06079-5:CNY58.00 |
| 本书收集的文章主要取自1959~1968年间《建筑评论》以及大量的当代特约评论文章。 |
| ● |
| 相关链接 |
|
|
|
正题名:反理性主义者与理性主义者
索取号:TU-0/P422
 
预约/预借
| 序号 | 登录号 | 条形码 | 馆藏地/架位号 | 状态 | 备注 |
| 1 | 271387 | 202713876 | 建筑库101/101建筑库 2排3列3层/ [索取号:TU-0/P422] | 在馆 | |
| 2 | 271388 | 202713885 | 建筑库101/101建筑库 2排3列3层/ [索取号:TU-0/P422] | 在馆 |